000
00305nam a2200109 4500
999
_c
14051
_d
14051
008
190730b ||||| |||| 00| 0 eng d
245
_a
Int'l forum discusses education for gen z.
260
_a
Philippines:
_b
Manila Bulletin;
_c
c2019.
300
_a
page 4.
650
0
_9
39049
_a
Education.
942
_2
ddc
_c
PER